[Event "Oberliga Nord O 1314"]
[Site "Germany"]
[Date "2013.10.13"]
[Round "1.8"]
[White "Biemann, Helge"]
[Black "Skupin, Christian"]
[Result "0-1"]
[WhiteElo "1987"]
[BlackElo "2055"]
[PlyCount "140"]
[EventDate "2013.10.13"]
[EventType "team-tourn"]
[EventRounds "9"]
[EventCountry "GER"]
[SourceTitle "EXT 2015"]
[Source "ChessBase"]
[SourceDate "2014.11.20"]
[SourceVersion "1"]
[SourceVersionDate "2014.11.20"]
[SourceQuality "1"]
[WhiteTeam "Neuruppin"]
[BlackTeam "Potsdam Empor"]
[WhiteTeamCountry "GER"]
[BlackTeamCountry "GER"]

1. e4 c5 2. Nf3 Nc6 3. Bb5 a6 4. Bxc6 dxc6 5. b3 Bg4 6. Bb2 e6 7. d3 Nf6 8. Nbd2 h6 9. Bc3 Be7 10. Nc4 Bxf3 11. Qxf3 0-0 12. Ba5 Qe8 13. Qe3 b5 14. Ne5 Bd6 15. Nf3 Qb8 16. h3 b4 17. a4 Nd7 18. Rd1 Bf4 19. Qe2 Ne5 20. Nd2 Ra7 21. g3 Bxd2+ 22. Kxd2 Qd6 23. Qe3 Rb7 24. f4 Nd7 25. Kc1 Qd4 26. Rhe1 Qa1+ 27. Kd2 Qc3+ 28. Kc1 Qa1+ 29. Kd2 Qd4 30. Kc1 e5 31. Kb1 Nf6 32. fxe5 Qxe5 33. Qf4 Qd4 34. Bc7 Re8 35. Qd6 Re6 36. Qd8+ Ne8 37. Qxd4 cxd4 38. Bf4 Rbe7 39. g4 c5 40. Rf1 g5 41. Bd2 Kg7 42. Rf5 Re5 43. Rdf1 f6 44. Be1 Rxf5 45. Rxf5 Re5 46. Bg3 Rxf5 47. gxf5 Kf7 48. Kc1 Ke7 49. Kd2 Kd7 50. Ke2 Ng7 51. Kf3 h5 52. h4 Ke7 53. Be1 Kd6 54. Kg3 Ne8 55. Bd2 g4 56. Kf4 Nc7 57. Be1 Ne8 58. Bg3 Nc7 59. Bh2 Ke7 60. e5 Nd5+ 61. Ke4 Nc3+ 62. Kf4 Ne2+ 63. Ke4 g3 64. exf6+ Kxf6 65. Bxg3 Nxg3+ 66. Kd5 Nxf5 67. Kxc5 Nxh4 68. Kxb4 Nf5 69. c4 dxc3 70. Kxc3 h4 0-1

[Event "Oberliga Nord O 1213"]
[Site "Germany"]
[Date "2012.11.26"]
[Round "3.8"]
[White "Guth, Thomas"]
[Black "Biemann, Helge"]
[Result "1-0"]
[WhiteElo "2273"]
[BlackElo "1994"]
[PlyCount "89"]
[EventDate "2012.10.17"]
[EventType "team-tourn"]
[EventRounds "9"]
[EventCountry "GER"]
[SourceTitle "EXT 2015"]
[Source "ChessBase"]
[SourceDate "2014.11.20"]
[SourceVersion "1"]
[SourceVersionDate "2014.11.20"]
[SourceQuality "1"]
[WhiteTeam "Pankow Rotation"]
[BlackTeam "Neuruppin"]
[WhiteTeamCountry "GER"]
[BlackTeamCountry "GER"]

1. e4 e6 2. d4 d5 3. Nc3 Bb4 4. exd5 exd5 5. Bd3 Ne7 6. Qf3 c5 7. a3 Qa5 8. axb4 Qxa1 9. Bb5+ Nbc6 10. Nge2 a6 11. Bxc6+ bxc6 12. bxc5 Qa5 13. 0-0 0-0 14. Bd2 Re8 15. Rd1 Qd8 16. Ng3 Be6 17. Na4 Ng6 18. Nb6 Ra7 19. Ra1 Nh4 20. Qh5 g6 21. Qh6 Nf5 22. Qf4 Nxg3 23. Qxg3 Bf5 24. c3 Re2 25. Bg5 Qe8 26. h4 Re6 27. b4 f6 28. Bh6 Qd8 29. Bf4 Re8 30. Bd6 h5 31. b5 cxb5 32. Nxd5 Kf7 33. Nb4 Qa8 34. c6 Re4 35. f3 Re3 36. Qf4 Rxc3 37. d5 a5 38. Qh6 Qg8 39. c7 g5 40. Qxh5+ Bg6 41. Qg4 Rcxc7 42. Bxc7 Rxc7 43. d6 Rc4 44. Qd7+ Kf8 45. Qe7# 1-0